00422nam a2200109Ia 4500008004100000100002400041245010900065260003000174300001800204650002200222856006800244160712s9999 xx 000 0 und d aTan, Jacqueline Uy. cJacqueline Uy Tan, Mercedes P. AdorioaSelf-Determination Among Learners with Developmental Disabilities c2012bEducation Quarterly avol. 70 no. 1 xSPECIAL EDUCATION uhttp://journals.upd.edu.ph/index.php/edq/article/view/3393/3155